Central Library OPAC University of Rajshahi

স্বর ও বাক্-রীতি / (Record no. 47733)

MARC details
000 -LEADER
fixed length control field 00930nam a2200253 a 4500
001 - CONTROL NUMBER
control field 47733
003 - CONTROL NUMBER IDENTIFIER
rucl marc code BD-RjUL
005 - DATE AND TIME OF LATEST TRANSACTION
control field 20211209054401.0
008 - FIXED-LENGTH DATA ELEMENTS--GENERAL INFORMATION
fixed length control field 160810s1998 bg ||||| b||| 001 0 ben d
020 ## - INTERNATIONAL STANDARD BOOK NUMBER
International Standard Book Number 8186946187
Terms of availability : Tk. 140.00
035 ## - SYSTEM CONTROL NUMBER
System control number (BD-RjUL)47852
040 ## - CATALOGING SOURCE
Original cataloging agency BD-RjUL
Language of cataloging eng
Transcribing agency BD-RjUL
041 ## - LANGUAGE CODE
Language code of text/sound track or separate title eng
082 ## - DEWEY DECIMAL CLASSIFICATION NUMBER
Classification number 780
Author mark and year BHS 1998
100 ## - MAIN ENTRY--PERSONAL NAME
Personal name ভট্টাচার্য, গৌরীশঙ্কর
9 (RLIN) 144981
245 10 - TITLE STATEMENT
Title স্বর ও বাক্-রীতি /
Statement of responsibility, etc. গৌরীশঙ্কর ভট্টাচার্য
250 ## - EDITION STATEMENT
Edition statement সংযোজিত ২য় সং.
260 ## - PUBLICATION, DISTRIBUTION, ETC. (IMPRINT)
Place of publication, distribution, etc. কলিকাতা :
Name of publisher, distributor, etc. সাহিত্যলোক,
Date of publication, distribution, etc. ১৯৯৮
300 ## - PHYSICAL DESCRIPTION
Pagination ২৩১ পৃ. ;
Size ২০ সেমি.
504 ## - BIBLIOGRAPHY, ETC. NOTE
Bibliography, etc গ্রন্থপঞ্জি ও নির্ঘণ্ট সংযুক্ত
650 ## - SUBJECT ADDED ENTRY--TOPICAL TERM
Topical term or geographic name as entry element গান
9 (RLIN) 144982
Topical term or geographic name as entry element Music
9 (RLIN) 144983
942 ## - ADDED ENTRY ELEMENTS (KOHA)
Source of classification or shelving scheme Dewey Decimal Classification
Koha item type Books
Holdings
Lost status Source of classification or shelving scheme Damaged status Not for loan Collection code Permanent Location Current Location Shelving location Date acquired Source of acquisition Cost, normal purchase price Total Checkouts Full call number Date last seen Copy number Koha item type
  Dewey Decimal Classification     Non-fiction Central Library, University of Rajshahi Central Library, University of Rajshahi   27/04/2013 Space marketing comm., Dhaka 280.00   B 780 BHS 1998 10/08/2016 C-2 Books
  Dewey Decimal Classification     Non-fiction Central Library, University of Rajshahi Central Library, University of Rajshahi   27/04/2013 Space marketing comm., Dhaka 280.00   B 780 BHS 1998 10/08/2016 C-3 Books
  Dewey Decimal Classification     Non-fiction Central Library, University of Rajshahi Central Library, University of Rajshahi   27/04/2013 Space marketing comm., Dhaka 280.00   B 780 BHS 1998 10/08/2016 C-4 Books
  Dewey Decimal Classification   Not For Loan Non-fiction Central Library, University of Rajshahi Central Library, University of Rajshahi Reading Room 18/10/2005 Paragogn Enterprise, Dhaka 140.00   B 780 BHS 1998 24/01/2017 C-1 Books